It wasn’t just the Masjid that fell (Record no. 522901)

000 -LEADER
fixed length control field 00489nam a22001457a 4500
008 - FIXED-LENGTH DATA ELEMENTS--GENERAL INFORMATION
fixed length control field 230612b ||||| |||| 00| 0 eng d
100 ## - MAIN ENTRY--PERSONAL NAME
Personal name Hasan, Zoya
245 ## - TITLE STATEMENT
Title It wasn’t just the Masjid that fell
260 ## - PUBLICATION, DISTRIBUTION, ETC. (IMPRINT)
Place of publication, distribution, etc Social Scientist
300 ## - PHYSICAL DESCRIPTION
Extent 51(1-2), Jan-Feb, 2023: p.47-56
650 ## - SUBJECT ADDED ENTRY--TOPICAL TERM
Topical term or geographic name as entry element Hindu temples India Ayodhya (Faizabad), India Ayodhya (Faizabad), Hindu temples - Bharat
9 (RLIN) 41792
773 ## - HOST ITEM ENTRY
Main entry heading Social Scientist
906 ## - LOCAL DATA ELEMENT F, LDF (RLIN)
Subject DIP HINDU TEMPLES - INDIA
942 ## - ADDED ENTRY ELEMENTS (KOHA)
Item type Articles
Holdings
Withdrawn status Lost status Source of classification or shelving scheme Damaged status Not for loan Permanent location Current location Date acquired Serial Enumeration / chronology Barcode Date last seen Koha item type
          Indian Institute of Public Administration Indian Institute of Public Administration 2023-06-12 51(1-2), Jan-Feb, 2023: p.47-56 AR128950 2023-06-12 Articles

Powered by Koha